| 000 | 00420nam a2200181Ia 4500 | ||
|---|---|---|---|
| 008 | 230524s9999 xx 000 0 und d | ||
| 020 | _a8126505923 | ||
| 082 |
_a5.133 _bSHE |
||
| 100 | _aRobert Sheldon | ||
| 245 | 0 | _aBeginning My Sql | |
| 250 | _aIST | ||
| 260 |
_aNEW DELHI _bJohn Wiley _c2006 |
||
| 300 | _aXVI;811 | ||
| 500 | _aQuantity Number: 2 | ||
| 650 | _aComp-Sc | ||
| 700 | _aGeoff Moes | ||
| 942 | _cBK | ||
| 999 |
_c41828 _d41828 |
||